Outfoxing the Eagle: Soviet, East European and Cuban Involvement in Nicaragua in the 1980s

Titel: Outfoxing the Eagle: Soviet, East European and Cuban Involvement in Nicaragua in the 1980s / Radoslav Yordanov
Verfasser:
In: Journal of contemporary history, Band 55, Heft 4 (2020), Seite 871-892
alle Artikel anzeigen
Veröffentlicht: 2020
Format: Aufsatz
Sprache: Englisch
Schlagworte:
Kein Bild verfügbar
X
alg: 52985324
001A    $03025:14-05-25 
001B    $03025:14-05-25 $t16:24:37.000 
001D    $03025:14-05-25 
001U    $0utf8 
001X    $00 
002@    $0Oou 
002C    $aText $btxt $2rdacontent 
002D    $aComputermedien $bc $2rdamedia 
002E    $aOnline-Ressource $bcr $2rdacarrier 
003@    $0529853248 
009Q    $uhttps://doi.org/10.1177/0022009419860896 $xVolltext 
010@    $aeng 
010E    $erda 
011@    $a2020 
021A    $aOutfoxing the Eagle: Soviet, East European and Cuban Involvement in Nicaragua in the 1980s $hRadoslav Yordanov 
028A    $BVerfasser $4aut $71100568832 $8Yordanov, Radoslav A.$Z1979- [Tp3] $9380600870 
031A    $d55 $e4 $h871-892 $j2020 
039B    $aEnthalten in $8--Obvc--. Journal of contemporary history. - London {[u.a.] : Sage Publ., 1966-. - Online-Ressource. - ISSN 1461-7250 $x202000000550004129 $9083774181 
044K    $#Sowjetunion $#UdSSR $#Советский Союз $#UdSSR $#SSSR $#Republik-Republik Kesatuan Soviet Sosialis $#Sojuz Sovetskich Socialističeskich Respublik $#Union der Sozialistischen Sowjet-Republiken $#Union der SSR $#Union of Soviet Socialist Republics $#USSR $#Union des Républiques Socialistes Soviétiques $#URSS $#Russland 1923-1991 $#Russia 1923-1991 $#Padomju Sociālistiko Republiku Savienība $#PSRS $#SSṘM $#ZSSR $#TSRS $#Savez Sovjetskih Socijalističkih Republika $#Soviet Union $#SSHM $#Sojuz Radjans'kich Sozialističnich Respublik $#SRSR $#Şyra Sosjalist Cumhyrijjẹtlẹri Ittifakĭ $#Šura Socialist Gümhurietleri Ittipaky $#Šura Sosyalist Ǧümhuriyetleri Ittifaqï $#SSCB $#Союз Советских Социалистических Республик $#СССР $74077548-3 $8Sowjetunion [Tgz] $9085219754 
044K    $REuropa $ROstblock $ROstmitteleuropa $#Europa, Ost $#Östliches Europa $#Central Europe Osteuropa $74075739-0 $8Osteuropa [Tg1] $9085214396 
044K    $#Kuba $#Kuba $#Kuba $#República de Cuba $#Republik Kuba $#Respublika Kuba $#Cuba $#Republica de Cuba $#Republik Cuba $74033340-1 $8Kuba [Tg1] $9085089052 
044K    $#Nicaragua $#Nicaragua $#Nicaragua $#República de Nicaragua $#Nikaragua $#Republik Nicaragua $#Republica de Nicaragua $74042050-4 $8Nicaragua [Tg1] $9085116076 
044K    $RWeltpolitik $RAußenpolitik $RInternationales politisches System $#International relations $#Relations internationales $#Relazioni internazionali $#Relaciones internacionales $#Internationale Politik $#internationale Politik $#bilaterale Beziehungen $#internationale Beziehungen $#Internationale Beziehungen $#Politische Beziehungen Internationale Politik $#Zwischenstaatliche Beziehungen $74072885-7 $8Internationale Politik [Tsz] $9085205222 
045F    $a909 $eDDC23BSB 
045F/01 $a909 
045F/03 $f09048 
045F/03 $g47 
045F/03 $g72 
045R    $aGeschichte 1980-1990 

lok: 52985324 78

exp: 52985324 78 1 #EPN
201B/01 $014-05-25 $t16:22:53.000 
201C/01 $014-05-25 
201U/01 $0utf8 
203@/01 $01304501566 
208@/01 $a14-05-25 $be 
209A/01 $a/ $f000 $x00 
209A/01 $ab*p $x01 
220C/01 $apgar 
244Z/01 $#Generalgouvernement Polen $#Polska $#Rzeczpospolita Polska $#Polska Rzeczpospolita Ludowa $#Poland $#Pologne $#République Polonaise $#Generalne Gubernatorstwo w Polsce $#Polish People's Republic $#Polska Rzeczpospolita Polen $#PRL $#RP $#Polen Generalgouvernement $#Polska Generalgouvernement $#Besetzte Polnische Gebiete $#Besetztes Gebiet in Polen $#Okupowane Polskie Obszary $#Obszary Okupowane w Polsce $#Volksrepublik Polen $#Polska Rosyjska $#Republic Polen $#Respublika Pol'ša $#Pol'skaja Narodnaja Respublika $#République de Pologne $#Polen Links der Weichsel $#Polska po Lewej Stronie Wisły $#Lenkija $#Polija $#Gubernija Carstva Pol'skago $#Republik Polen $74046496-9 $8--Tg1--Polen $x01 $9085129801 
244Z/01 $#Tschechoslowakei $#Tschechoslowakei $#Tschechoslowakei $#Tschechische und Slowakische Föderative Republik $#République Tchéco-Slovaque $#Tchécoslovaquie $#Československá Federativní Republika $#Česká a Slovenská Federativní Republika $#Czech and Slovak Federal Republic $#ČSFR $#ČSSR $#ČSR $#RČS $#Československo $#Československá Socialistická Republika $#Československá Republika $#Tschechoslowakische Sozialistische Republik $#Tschechoslowakische Republik $#Tschechoslowakische Föderative Republik $#Republika Československá $#Czechoslovakia $#Čechoslovakische Republik $#République Tchécho-Slovaque $#Tchéchoslovaquie $#Czechoslovak Socialist Republic $#Checoeslovaquia $#Cecoslovacchia $#Čechoslovakija $#République tchécoslovaque $74078435-6 $8--Tg1--Tschechoslowakei $x04 $9085222305 
244Z/01 $#Ostmitteleuropa $#Ostmitteleuropa $#Mitteleuropa, Ost $#Central Europe Ostmitteleuropa $#Mittelosteuropa $74075753-5 $8--Tg1--Ostmitteleuropa $x05 $9085214485 
247C/01 $82080>Marburg/Lahn, Herder-Institut, Forschungsbibliothek, Bibliographieportal $9336309341
LEADER 00000naa a2200000 c 4500
001 529853248
003 DE-603
005 20250514162437.0
007 cr||||||||||||
008 250514s2020 xx |||| o| u00||u|eng c
035 |a (DE-599)HEB529853248 
040 |a DE-603  |b ger  |c DE-603  |d DE-603  |e rda 
041 |a eng 
082 0 4 |8 1\u  |a 909  |q DE-101  |2 23/BSB 
085 |8 1\u  |b 909 
085 |8 1\u  |z 1  |s 09048 
085 |8 1\u  |z 2  |s 47 
085 |8 1\u  |z 2  |s 72 
100 1 |a Yordanov, Radoslav A.  |d 1979-  |e Verfasser  |4 aut  |0 (DE-603)380600870  |0 (DE-588)1100568832  |2 gnd 
245 0 0 |a Outfoxing the Eagle: Soviet, East European and Cuban Involvement in Nicaragua in the 1980s  |c Radoslav Yordanov 
264 0 |c 2020 
336 |a Text  |b txt  |2 rdacontent 
337 |a Computermedien  |b c  |2 rdamedia 
338 |a Online-Ressource  |b cr  |2 rdacarrier 
648 7 |a Geschichte 1980-1990  |2 gnd 
650 7 |a Internationale Politik  |0 (DE-588)4072885-7  |0 (DE-603)085205222  |2 gnd 
651 7 |a Sowjetunion  |0 (DE-588)4077548-3  |0 (DE-603)085219754  |2 gnd 
651 7 |a Osteuropa  |0 (DE-588)4075739-0  |0 (DE-603)085214396  |2 gnd 
651 7 |a Kuba  |0 (DE-588)4033340-1  |0 (DE-603)085089052  |2 gnd 
651 7 |a Nicaragua  |0 (DE-588)4042050-4  |0 (DE-603)085116076  |2 gnd 
773 0 8 |i Enthalten in  |t Journal of contemporary history  |d London ˜[u.a.] œ: Sage Publ., 1966-  |h Online-Ressource  |x 1461-7250  |g Band 55, Heft 4 (2020), Seite 871-892  |w (DE-603)083774181  |w (DE-600)1494064-4 
856 |u https://doi.org/10.1177/0022009419860896 
924 1 |9 2080  |a (DE-603)1304501566  |b DE-2080  |c HES  |d d  |g /